Травматизм и социально-экономические проблемы охраны труда; Безопасность жизнедеятельности; № 4

Detalhes bibliográficos
Parent link:Безопасность жизнедеятельности: научно-практический и учебно-методический журнал.— , 2001-
№ 4.— 2003.— С. 23-25
Autor principal: Гавриченко А. И.
Idioma:russo
Publicado em: 2003
Colecção:Охрана труда
Assuntos:
Formato: Capítulo de Livro
KOHA link:https://koha.lib.tpu.ru/cgi-bin/koha/opac-detail.pl?biblionumber=385902

MARC

LEADER 00000naa2a2200000 4500
001 385902
005 20231101063418.0
035 |a (RuTPU)RU\TPU\prd\14127 
090 |a 385902 
100 |a 20030522a2003 k y0rusy50 ca 
101 0 |a rus 
102 |a RU 
200 1 |a Травматизм и социально-экономические проблемы охраны труда  |f А. И. Гавриченко 
225 1 |a Охрана труда 
320 |a Библиогр.: 3 назв. 
461 1 |0 (RuTPU)RU\TPU\prd\1137  |t Безопасность жизнедеятельности  |o научно-практический и учебно-методический журнал  |d 2001- 
463 1 |0 (RuTPU)RU\TPU\prd\13779  |t № 4  |v С. 23-25  |d 2003 
610 1 |a травматизм 
610 1 |a социально-экономические проблемы 
610 1 |a охрана труда 
610 1 |a анализ 
610 1 |a агропромышленный комплекс 
610 1 |a причинность 
610 1 |a управление 
610 1 |a условия жизни 
610 1 |a условия труда 
610 1 |a сельское население 
675 |a 614.8-057.001.5:631  |v 3 
700 1 |a Гавриченко  |b А. И. 
801 1 |a RU  |b 63413507  |c 20030522  |g PSBO 
942 |c BK